Welcome to CU Library Online Public Access Catalogue (OPAC)

Mosby's textbook for Nursing Assistants (Record no. 622)

MARC details
000 -LEADER
fixed length control field 00456nam a22001697a 4500
005 - DATE AND TIME OF LATEST TRANSACTION
control field 20241105102033.0
008 - FIXED-LENGTH DATA ELEMENTS--GENERAL INFORMATION
fixed length control field 241105b |||||||| |||| 00| 0 eng d
020 ## - INTERNATIONAL STANDARD BOOK NUMBER
International Standard Book Number 9780323049948
050 ## - LIBRARY OF CONGRESS CALL NUMBER
Classification number RT84.
Item number S67 SOR
100 ## - MAIN ENTRY--PERSONAL NAME
Personal name Sorrentino, Sheila A.
245 ## - TITLE STATEMENT
Title Mosby's textbook for Nursing Assistants
250 ## - EDITION STATEMENT
Edition statement 7th
260 ## - PUBLICATION, DISTRIBUTION, ETC.
Place of publication, distribution, etc. Canada
Name of publisher, distributor, etc. Mosby Elsevier
Date of publication, distribution, etc. c2008
300 ## - PHYSICAL DESCRIPTION
Extent xxx, 848p
Other physical details ill.;
500 ## - GENERAL NOTE
General note Includes Glossary, index
942 ## - ADDED ENTRY ELEMENTS (KOHA)
Source of classification or shelving scheme Library of Congress Classification
Koha item type Books
Suppress in OPAC No
999 ## -
-- 622
-- 622
Holdings
Withdrawn status Lost status Source of classification or shelving scheme Damaged status Not for loan Collection Home library Current library Date acquired Total checkouts Full call number Barcode Date last seen Copy number Price effective from Koha item type
    Library of Congress Classification     Non-fiction Undergraduate Library (Christ Temple) Undergraduate Library (Christ Temple) 11/05/2024   RT84.S67 SOR ulct00000153 11/05/2024 1 11/05/2024 Books
© 2023-2024 Copyright: Central University Libraries. All Rights Reserved | Created by: Mahone Tech Office